1434 1191 1119 1870 1695 2000 1935 1355 1217 1482 1134 1655 1898 1168 1055 1701 1680 1387 1695 1550 1058 1299 1139 1937 1040 1042 1300 1765 1045 1124 1351 1591 1718 1830 1235 1803 1930 1287 1757 1424 1643 1972 1163 1141 1668 1309 1091 1049 1878 1222 1258 1407 1126 1256 1919 1681 1146 1505 1388 1519 1912 1075 1729 1813 1004 1720 1059 1451 1822 1069 1387 1301 1403 1845 1452 1848 1191 1366 1048 1527 1213 1316 1374 1458 1475 1937 1278 1396 1044 1472 1604 1859 1242 1716 1403 1343 1489 1889 1426 BCNSPRNW ULIB Ver.6.0+V

เปลี่ยนเป็นภาษาไทย

Change to English
 แสดงรายละเอียดบรรณานุกรม
  กลับหน้าหลัก

Brief Record : Get Marc (ISO 2709) : E-mail record : QR code < ปิดหน้าต่าง
LEADER : 00000nam 2200000uu 4500
001    13399127975
003     ULIB
008    211124s2563||||th 000 0 tha d
020 ^a ^a9786165723305
050 4  ^aHA32^bช418ก
100  ^ aชูศักดิ์ จรูญสวัสดิ์.
245 0  ^aการวิเคราะห์ข้อมูลและการใช้สถิติในงานวิจัย / ^cชูศักดิ์ จรูญสวัสดิ์.
250 ^a ^aพิมพ์ครั้งที่ 2 (ฉบับปรับปรุงใหม่)
260 ^a ^aปทุมธานี : ^bบริษัท คิสุกะ (ประเทศไทย) จำกัด,^c2563.
300 ^a ^a558 หน้า : ^bภาพประกอบ ; ^c24 ซม.
630 4  ^aเอสพีเอสเอส (โปรแกรมคอมพิวเตอร์)
650 4  ^aสถิติ^xการประมวลผลข้อมูล.
650 4  ^aวิจัย^xการประมวลผลข้อมูล.
945    ^p390^l0^i29137
945    ^p390^l0^i29138
945    ^p390^l0^i29139
945    ^p390^l0^i29140
945    ^p390^l0^i29141
999    ^aกัณชพร จุลอักษร
รายการนี้ยังไม่มีแท็ก
คุณยังไม่ได้ล็อกอิน คุณสามารถมีกิจกรรมร่วมกับเว็บไซต์ได้ แต่ต้องล็อกอินก่อน ::
  ล็อกอิน

รายการสื่อสารสนเทศ

ลำดับที่ ประเภท เลขเรียก/บาร์โค้ด สถานที่ สถานะ
1. หนังสือสำรอง
หนังสือสำรอง
HA32 ช418ก ฉ.1 
  Barcode: 29137
ห้องสมุดวิทยาเขตนครสวรรค์
►หนังสือทั่วไป:l:General Books
บนชั้น
2. วิทยาศาสตร์การแพทย์ และสุขภาพ
วิทยาศาสตร์การแพทย์ และสุขภาพ
HA32 ช418ก ฉ.2 
  Barcode: 29138
ห้องสมุดวิทยาเขตนครสวรรค์
►หนังสือทั่วไป:l:General Books
บนชั้น
3. วิทยาศาสตร์การแพทย์ และสุขภาพ
วิทยาศาสตร์การแพทย์ และสุขภาพ
HA32 ช418ก ฉ.3 
  Barcode: 29139
ห้องสมุดวิทยาเขตนครสวรรค์
►หนังสือทั่วไป:l:General Books
บนชั้น
4. วิทยาศาสตร์การแพทย์ และสุขภาพ
วิทยาศาสตร์การแพทย์ และสุขภาพ
HA32 ช418ก ฉ.4 
  Barcode: 29140
ห้องสมุดวิทยาเขตนครสวรรค์
►หนังสือทั่วไป:l:General Books
บนชั้น
5. วิทยาศาสตร์การแพทย์ และสุขภาพ
วิทยาศาสตร์การแพทย์ และสุขภาพ
HA32 ช418ก ฉ.5 
  Barcode: 29141
ห้องสมุดวิทยาเขตนครสวรรค์
►หนังสือทั่วไป:l:General Books
บนชั้น

BibComment


ยังไม่เคยถูกคอมเมนท์

คอมเมนท์ทรัพยากรรายการนี้
  คอมเมนท์: การวิเคราะห์ข้อม..


 Copyright 2026. Bcnsprnw @Library